Astrology & love life/ (Record no. 63803)

MARC details
000 -LEADER
fixed length control field 00678nam a22001577a 4500
005 - DATE AND TIME OF LATEST TRANSACTION
control field 2012021600430.0
020 ## - INTERNATIONAL STANDARD BOOK NUMBER
International Standard Book Number 8120719212
Terms of availability 000.00
035 ## - SYSTEM CONTROL NUMBER
System control number A-822666
037 ## - SOURCE OF ACQUISITION
Stock number DPL
Source of stock number/acquisition ENG
100 ## - MAIN ENTRY--PERSONAL NAME
Personal name Tulli,Mahan Vir
245 ## - TITLE STATEMENT
Title Astrology & love life/
Statement of responsibility, etc by Mahan Vir Tulli
260 ## - PUBLICATION, DISTRIBUTION, ETC. (IMPRINT)
Place of publication, distribution, etc New Delhi
Name of publisher, distributor, etc Sterling Paperbacks
Date of publication, distribution, etc 1996
300 ## - PHYSICAL DESCRIPTION
Extent xvi,132p.
Dimensions 22 cms.
942 ## - ADDED ENTRY ELEMENTS (KOHA)
Source of classification or shelving scheme Dewey Decimal Classification
Item type English Books
Classification part 133.5
Call number suffix WIL
Holdings
Withdrawn status Lost status Not for loan Collection code Home library Current library Date acquired Full call number Barcode Koha item type
      Non-fiction Sarojini Nagar Sarojini Nagar 06/03/2012 133.5 WIL A-822666 English Books

© Delhi Public Library
Hit Counter
free hit counter